| 000 | 01053cam a22001934a 4500 | ||
|---|---|---|---|
| 005 | 20250605164144.0 | ||
| 008 | 250528s ||||||||||||||||||||||||d | ||
| 035 | _a19111 | ||
| 040 |
_aGR-AtMCL _bgre _dGR-AtMCL _eAACR2 |
||
| 245 | 1 | _aΕμπορικό Δίκαιο / Γενικές Αρχές Δικαίου - Γενικό Μέρος Εμπορικού Δικαίου - Εμπορικές Εταιρίες - Αξιόγραφα - Πτωχευτικό Δίκαιο - Ναυτικό Δίκαιο - Ασφαλιστικό Δίκαιο - Αεροπορικό Δίκαιο | |
| 250 | _a9η | ||
| 260 |
_bInterbooks, _c1988 |
||
| 300 | _a328 | ||
| 520 | _aΓενικές Αρχές Δικαίου, Γενικό Μέρος Εμπορικού Δικαίου, Εμπορικές Εταιρίες, Αξιόγραφα, Πτωχευτικό Δίκαιο, Ναυτικό Δίκαιο, Ασφαλιστικό Δίκαιο, Αεροπορικό Δίκαιο. | ||
| 700 | 1 |
_aΣφακιανός Γ. Κ _95358 |
|
| 942 | _cBK | ||
| 999 |
_c4390 _d4390 |
||